UBT Library

The technique of modern fiction: (Record no. 45214)

000 -LEADER
fixed length control field 00612nam a22002411 4500
001 - CONTROL NUMBER
control field 294100
005 - DATE AND TIME OF LATEST TRANSACTION
control field 20180316044150.0
008 - FIXED-LENGTH DATA ELEMENTS--GENERAL INFORMATION
fixed length control field 700427s1968 enk b 000 0 eng
010 ## - LIBRARY OF CONGRESS CONTROL NUMBER
LC control number 70369738
015 ## - NATIONAL BIBLIOGRAPHY NUMBER
National bibliography number B68-10811
020 ## - INTERNATIONAL STANDARD BOOK NUMBER
International Standard Book Number 0713153954
040 ## - CATALOGING SOURCE
Original cataloging agency DLC
Transcribing agency DLC
Modifying agency DLC
041 ## - LANGUAGE CODE
Language code of text/sound track or separate title eng
080 ## - UNIVERSAL DECIMAL CLASSIFICATION NUMBER
Universal Decimal Classification number 823.91409 RAB
082 00 - DEWEY DECIMAL CLASSIFICATION NUMBER
Classification number 823.91409 RAB
100 1# - Rafti
Rafti 21
101 ## - Shkurtesa
Shkurtesa GJL
245 14 - TITLE STATEMENT
Title The technique of modern fiction:
350 ## - PRICE (NR) (BK AM CF MU VM SE) [OBSOLETE]
Price 25/-
504 ## - BIBLIOGRAPHY, ETC. NOTE
Bibliography, etc Bibliography: p. 192-199.
906 ## - LOCAL DATA ELEMENT F, LDF (RLIN)
a 7
b cbc
c orignew
d u
e ncip
f 19
g y-gencatlg
942 ## - ADDED ENTRY ELEMENTS (KOHA)
Source of classification or shelving scheme
Item type Books
Holdings
Withdrawn status Lost status Source of classification or shelving scheme Damaged status Not for loan Collection code Permanent location Current location Shelving location Date acquired Total Checkouts Full call number Barcode Date last seen Price effective from Koha item type
          Koleksioni i përgjithshem UBT - Lipjan UBT - Lipjan Koleksioni i përgjithshem 03/16/2018   823.91409 RAB 002-3001605 03/16/2018 03/16/2018 Books
UBT Library © 2015-2024. All rights reserved University Education for Business and Technology